| 000 | 005240000a22001810004500 | ||
|---|---|---|---|
| 003 | MACL | ||
| 005 | 20160129120357.0 | ||
| 008 | 160129b xxu||||| |||| 00| 0 eng d | ||
| 040 |
_aMACL _cMACL |
||
| 041 | _aEnglish | ||
| 082 | _a620/GUP | ||
| 100 |
_aGupta, Anuradha _932487 |
||
| 245 |
_aMadhya Pradesh MP PET 2011 Success Package _bA complete Resource Book for MP Engineering Enterance Exam |
||
| 260 |
_bArihant Prakashan,Meerut _aMeerut |
||
| 350 | _a575 | ||
| 650 |
_aEngineering _935228 |
||
| 942 |
_cBK _k620/GUP _2ddc |
||
| 999 |
_c44747 _d44747 |
||